| 000 | 00692nam a2200241Ia 4500 | ||
|---|---|---|---|
| 003 | OSt | ||
| 005 | 20221005101940.0 | ||
| 006 | a|||||r|||| 00| 0 | ||
| 007 | ta | ||
| 008 | 221004b |||||||| |||| 00| 0 eng d | ||
| 020 | _cIndian Rupees 15.00 | ||
| 024 | _a40540 | ||
| 037 |
_bGift, 24/10/2018, _cTextual |
||
| 040 |
_aCRL _cCRL _beng |
||
| 041 |
_2eng _aeng |
||
| 082 | _aV2:73, L6 | ||
| 100 |
_aMukherjii B.N. Au. _9622763 |
||
| 245 | 0 | _aDisintegration of the kushana empire | |
| 260 |
_aVaranasi _bBanaras Hindu University India _c1976 |
||
| 650 | _aHISTORY | ||
| 942 |
_hV2:73, L6 _cTEXL _2cc |
||
| 999 |
_c1007648 _d1007648 |
||